banner-ar

دراسات فى المسرح والسينما عند العرب / (Record no. 50086)

MARC details
000 -الفاتح
حقل البيانات ثابتة الطول 00671nam a2200217Ia 4500
008 - عناصر البيانات ثابتة الطول - معلومات عامة
حقل البيانات ثابتة الطول 140319s9999 xx 000 0 ara d
040 ## - مصدر الفهرسة
وكالة الفهرسة الأصلية GCL /
وكالة النسخ GCL
082 04 - رقم تصنيف ديوى العشرى
رقم التصنيف 791.5
رقم المادة ل د
100 1# - المدخل الرئيسى - إسم شخصى
الإسم الشخصى احمد المغازى
245 10 - بيان العنوان
العنوان دراسات فى المسرح والسينما عند العرب /
بيان المسئوليه,etc احمد المغازى
700 1# - المدخل الاضافى - اسم شخصى
الإسم الشخصى لنداو، يعقوب
700 1# - المدخل الاضافى - اسم شخصى
الإسم الشخصى ه.ا . ر رجب
300 ## - الوصف المادى
التعداد 533 ص
490 ## - بيان السلسلة
عنوان السلسلة الهيئة العامة للاستعلامات
رقم المجلد/ التعيين التسلسلي 0
650 04 - المدخل الاضافى بالموضوع-مصطلح موضوعى
مصطلح موضوعي الفنون
650 04 - المدخل الاضافى بالموضوع-مصطلح موضوعى
مصطلح موضوعي المسرح العربى
650 04 - المدخل الاضافى بالموضوع-مصطلح موضوعى
مصطلح موضوعي السينما العربية
650 04 - المدخل الاضافى بالموضوع-مصطلح موضوعى
مصطلح موضوعي مسرح الظل
942 ## - عناصر المدخل الإضافي( كوها)
مصدر التصنيف او مخطط الترفيف Dewey Decimal Classification
Koha [default] item type كتاب
Holdings
حالة التراجع حالة الفقد حالة تلف ليس للاعارة المكان المؤقت الموقع الحالى تاريخ الاكتساب اجمالي اﻻعارات رقم الطلب الباركود تاريخ اخر مشاهدة تاريخ تفعيل السعر نوع وعاء كوها
        مكتبة القاهرة الكبرى مكتبة القاهرة الكبرى 03/26/2014   791.5\ل د 120096 03/26/2014 03/26/2014 كتاب

Powered By

EGPV